World of Neapolitan Song (The) (Record no. 99702)

MARC details
000 -LEADER
fixed length control field 03586njm a2200529Ia 4500
001 - CONTROL NUMBER
control field 25663
003 - CONTROL NUMBER IDENTIFIER
control field IT-RoPAU
005 - DATE AND TIME OF LATEST TRANSACTION
control field 20220918181120.0
008 - FIXED-LENGTH DATA ELEMENTS--GENERAL INFORMATION
fixed length control field 131025s9999 xx 000 0 und d
040 ## - CATALOGING SOURCE
Original cataloging agency IT-RoPAU
040 ## - CATALOGING SOURCE
Transcribing agency IT-RoPAU
041 ## - LANGUAGE CODE
Language code of text/sound track or separate title ITALIANO
999 ## - SYSTEM CONTROL NUMBERS (KOHA)
Koha Dewey Subclass [OBSOLETE] NO
100 ## - MAIN ENTRY--PERSONAL NAME
Personal name AA.VV.
9 (RLIN) 794
100 ## - MAIN ENTRY--PERSONAL NAME
Relator term Autore musica
9 (RLIN) 13241
100 ## - MAIN ENTRY--PERSONAL NAME
Miscellaneous information Codice autore musica SPICS: 12000
9 (RLIN) 796
245 ## - TITLE STATEMENT
Title World of Neapolitan Song (The)
250 ## - EDITION STATEMENT
Edition statement 2a ed.
260 ## - PUBLICATION, DISTRIBUTION, ETC. (IMPRINT)
Place of publication, distribution, etc. LONDON
260 ## - PUBLICATION, DISTRIBUTION, ETC. (IMPRINT)
Name of publisher, distributor, etc. DECCA RECORD COMPANY
Date of publication, distribution, etc. 1973 [1a Ed.:1965]
300 ## - PHYSICAL DESCRIPTION
Extent DISCO
500 ## - GENERAL NOTE
General note Canzone italiana. Canzone napoletana. Napoli
505 ## - FORMATTED CONTENTS NOTE
Formatted contents note Torna a Surriento - Sona chitarra! - A canzone 'e Napule - Ti voglio tanto bene - La barcillunisa - Muttetti di lu paliu - Cantu a Timuni - Chiovu 'abballati' - Firenze sogna - Chitarra romana - Parlami d'amore Mariù - Catari, catari - Munasterio 'e Santa Chiara - Napule canta - 'O surdato 'nnammurato - Scetate! - Addio, mia bella Napoli
650 ## - SUBJECT ADDED ENTRY--TOPICAL TERM
Topical term or geographic name as entry element CANZONE NAPOLET [DISCHI]
Relator term Codice MATERIA SPICS: 9950
9 (RLIN) 13242
700 ## - ADDED ENTRY--PERSONAL NAME
Personal name Di Stefano Giuseppe
Miscellaneous information Codice interprete SPICS: 11549
Relator term Interprete
9 (RLIN) 13243
700 ## - ADDED ENTRY--PERSONAL NAME
Personal name De Curtis Ernesto
Miscellaneous information Codice autore testo/musica SPICS: 13475
Relator term Autore testo/musica
Name of part/section of a work Torna a Surriento - Sona chitarra! - A canzone 'e Napule - Ti voglio tanto bene
9 (RLIN) 13246
700 ## - ADDED ENTRY--PERSONAL NAME
Personal name Bovio Libero
Miscellaneous information Codice autore musica SPICS: 13462
Relator term Autore musica
Name of part/section of a work A canzone 'e Napule
9 (RLIN) 13247
700 ## - ADDED ENTRY--PERSONAL NAME
Personal name Furnò Domenico
Miscellaneous information Codice autore musica SPICS: 13476
Relator term Autore musica
Name of part/section of a work Ti voglio tanto bene
9 (RLIN) 13248
700 ## - ADDED ENTRY--PERSONAL NAME
Personal name Anonimo
Miscellaneous information Codice autore musica SPICS: 2620
Relator term Autore musica
Name of part/section of a work La barcillunisa - Muttetti di lu paliu - Cantu a Timuni - Chiovu 'abballati'
9 (RLIN) 13249
700 ## - ADDED ENTRY--PERSONAL NAME
Personal name Favara
Miscellaneous information Codice autore SPICS: 27752
Relator term Autore
Name of part/section of a work La barcillunisa - Muttetti di lu paliu - Cantu a Timuni - Chiovu 'abballati'
9 (RLIN) 13250
700 ## - ADDED ENTRY--PERSONAL NAME
Personal name Cesarini Cesare
Miscellaneous information Codice autore testo/musica SPICS: 13620
Relator term Autore testo/musica
Name of part/section of a work Firenze sogna
9 (RLIN) 13251
700 ## - ADDED ENTRY--PERSONAL NAME
Personal name Bruno C.
Miscellaneous information Codice autore musica SPICS: 13502
Relator term Autore musica
Name of part/section of a work Chitarra romana
9 (RLIN) 13252
700 ## - ADDED ENTRY--PERSONAL NAME
Personal name Lazzaro
Miscellaneous information Codice autore testo/musica SPICS: 16140
Relator term Autore testo/musica
Name of part/section of a work Chitarra romana
9 (RLIN) 13253
700 ## - ADDED ENTRY--PERSONAL NAME
Personal name Neri Ennio
Miscellaneous information Codice autore musica SPICS: 13457
Relator term Autore musica
Name of part/section of a work Parlami d'amore Mariù
9 (RLIN) 13254
700 ## - ADDED ENTRY--PERSONAL NAME
Personal name Bixio Cesare Andrea
Miscellaneous information Codice autore testo/musica SPICS: 13441
Relator term Autore testo/musica
Name of part/section of a work Parlami d'amore Mariù
9 (RLIN) 13255
700 ## - ADDED ENTRY--PERSONAL NAME
Personal name Cardillo Salvatore
Miscellaneous information Codice autore musica SPICS: 13703
Relator term Autore musica
Name of part/section of a work Catari, catari
9 (RLIN) 13256
700 ## - ADDED ENTRY--PERSONAL NAME
Personal name Cordiferro Riccardo
Miscellaneous information Codice autore SPICS: 13704
Relator term Autore
Name of part/section of a work Catari, catari
9 (RLIN) 13257
700 ## - ADDED ENTRY--PERSONAL NAME
Personal name Fields Dorothy
Miscellaneous information Codice autore testo/musica SPICS: 15865
Relator term Autore testo/musica
Name of part/section of a work Catari, catari
9 (RLIN) 13258
700 ## - ADDED ENTRY--PERSONAL NAME
Personal name Galdieri Michele
Miscellaneous information Codice autore musica SPICS: 13370
Relator term Autore musica
Name of part/section of a work Munasterio 'e Santa Chiara
9 (RLIN) 13259
700 ## - ADDED ENTRY--PERSONAL NAME
Personal name Barberis Alberto
Miscellaneous information Codice autore testo/musica SPICS: 13596
Relator term Autore testo/musica
Name of part/section of a work Munasterio 'e Santa Chiara
9 (RLIN) 13260
700 ## - ADDED ENTRY--PERSONAL NAME
Personal name Tagliaferri Ernesto
Miscellaneous information Codice autore testo/musica SPICS: 13714
Relator term Autore testo/musica
Name of part/section of a work Napule canta
9 (RLIN) 13261
700 ## - ADDED ENTRY--PERSONAL NAME
Personal name Cannio Enrico
Miscellaneous information Codice autore musica SPICS: 13705
Relator term Autore musica
Name of part/section of a work 'O surdato 'nnammurato
9 (RLIN) 13262
700 ## - ADDED ENTRY--PERSONAL NAME
Personal name Califano Aniello
Miscellaneous information Codice autore testo/musica SPICS: 13470
Relator term Autore testo/musica
Name of part/section of a work 'O surdato 'nnammurato
9 (RLIN) 13263
700 ## - ADDED ENTRY--PERSONAL NAME
Personal name Costa A.
Miscellaneous information Codice autore testo/musica SPICS: 13206
Relator term Autore testo/musica
Name of part/section of a work Scetate!
9 (RLIN) 13264
700 ## - ADDED ENTRY--PERSONAL NAME
Personal name Valente Nicola
Miscellaneous information Codice autore testo/musica SPICS: 13463
Relator term Autore testo/musica
Name of part/section of a work Addio, mia bella Napoli
9 (RLIN) 13265
942 ## - ADDED ENTRY ELEMENTS (KOHA)
Koha item type DISCHI
Source of classification or shelving scheme Dewey Decimal Classification
Holdings
Withdrawn status Lost status Damaged status Not for loan Home library Current library Date acquired Total Checkouts Full call number Date last seen Price effective from Koha item type Public note
    Buone Condizioni Not For Loan SPICS-MEDIATECA SPICS-MEDIATECA 25/10/2013   25663 25/10/2013 25/10/2013 DISCHI Progr. Ins.: 5537 / N.Vol.: 1 / Copie: 1 - Copia rara: NO / date import: 01.01.2014 - By Epidotti, Trombetti, Vaglietti
CREDITS: SOCIETA' SAN PAOLO Via A.Severo, 58 - ROMA (RM) & PERIODICI SAN PAOLO SRL Via Giotto, 36 MILANO & CISF Via Giotto, 36 MILANO & EDIZIONI SAN PAOLO SRL,  Piazza Soncino, 5 CINISELLO BALSAMO (MI) -- ITALY